| 000 | 00830nam a22001697a 4500 | ||
|---|---|---|---|
| 008 | 110802t1984 xxu||||g |||| 000 0 ara d | ||
| 082 |
_222 _a330.121 _bلا ا ه |
||
| 100 |
_926537 _aعبد الاه ،امين مصطفى |
||
| 245 |
_aأصول الاقتصاد الاسلامى و نظرية التوازن الاقتصادى فى الإسلام/ _cامين مصطفى عبد اللاه |
||
| 260 |
_a[سوريا]: _bمطبعة عيسى البابى الحلبى و شركاه،1984. _c1984. |
||
| 300 |
_a376ص، _c24سم. |
||
| 650 |
_916107 _aالاقتصاد الإسلامى |
||
| 650 |
_926538 _aالإسلام و الاقتصاد |
||
| 653 |
_bGeneral _cAugust2011 |
||
| 942 |
_2ddc _cBB |
||
| 999 |
_c15776 _d15776 |
||